000 00657nam a2200241Ia 4500
003 OSt
005 20220924121435.0
006 a|||||r|||| 00| 0
007 ta
008 220923b |||||||| |||| 00| 0 tel d
020 _c80.00
024 _a338221
037 _cTextual
040 _aARTS
_cARTS
_btel
041 _2tel
_atel
082 _aP35,6M63:g, 35N1
100 _aJanaki Au.
_9185853
245 0 _aGidugu Rama Murthy
_b critical study
260 _aHyderabad
_bTelugu university
_c1991
650 _aTELUGU LANGUAGE
_9155493
942 _hP35,6M63:g, 35N1
_cTEXL
_2CC
999 _c407494
_d407494